00392nam a2200133 a 450000500170000000800410001702000180005805000230007610000180009924500440011726000470016130000220020865000280023020140412111235.0010531s19uu xx 00 eng d a0-8136-3531-4 aTR(PS EbHu89 1987 aWebb, Melissa aHungry crocodile (The) /cMelissa Webb. aToronto :bModern Curriculum Press,c1987. a1v. (unp.) ; ill. aCrocodile, picture book